000 00498nam a2200169 4500
001 132530
003 ES-MaACL
005 20231206063238.0
007 t|
008 070214s1976 sp r ||||1| spa d
100 0 _aRomero Tobar, Leonardo,
_d1941-
_999445
245 1 3 _aLa novela popular espaƱola del siglo XIX /
_cLeonardo Romero Tobar.
260 _aMadrid :
_bAriel,
_c1976.
300 _a281 p. ;
_c21 cm.
852 _aES-MaACL
_jA-7784
_bR.97351
999 _c132530
_d132530